000 00317nam a2200097Ia 4500
008 160523s9999 xx 000 0 und d
245 _aSupply Chain Management - New Perspectives
245 _cEdited by Sanda Renko
260 _c2011
856 _uhttp://www.intechopen.com/books/supply-chain-management-new-perspectives
999 _c294907
_d294907